| 000 | 00338nam a2200133Ia 4500 | ||
|---|---|---|---|
| 005 | 20260326100029.0 | ||
| 008 | 260326s9999||||xx |||||||||||||| ||und|| | ||
| 100 | _aGlusberg, Jorge | ||
| 245 | 0 |
_aBreve Historia de la Arquitectura Argentina / _cJorge Glusberg |
|
| 260 | _bClaridad | ||
| 300 | _a352 p. | ||
| 650 | _aHISTORIA | ||
| 942 | _cBK | ||
| 999 |
_c6516 _d6516 |
||